000 00493nam a2200169 i 4500
001 64611
003 ES-MaACL
005 20230906165153.0
007 t|
008 031230s1943 sp ||||1| spa d
100 1 _aForcat Ribera, Arturo.
_951687
245 1 0 _aCurso de administración económica /
_cArturo Forcat Ribera.
250 _a5ª ed., corr. y adap. a las disposiciones vigentes.
260 _aMadrid :
_bReus,
_c1943.
300 _a630 p. ;
_c23 cm.
852 _aES-MaACL
_jB-10362
999 _c64611
_d64611